000
00322nam a22001457a 4500
008
231101b ||||| |||| 00| 0 eng d
020
_a
18008426796
041
_a
eng
080
_a
2
082
_a
2MOR
100
_a
45
101
_a
TEOLO
245
_a
IS THERE AN ETHICIST IN THE HOUSE
_c
MORENO.D.J
942
_2
udc
_c
BK
999
_c
60481
_d
60481